000 00528nam a2200217Ia 4500
999 _c60443
_d60443
003 0100
005 20170801091302.0
008 130303s9999 xx 000 0 und d
040 _cARRUPELIB
050 _aB825.O27 1969
100 _aO'Connor, John ed.
_934080
245 _aModern materialism
245 _breadings on mind-body identity
260 _bHarcourt, Brace and World
_aChicago
_c1969
300 _aviii
300 _b 289p. 21cm.
650 _aMaterialism
_xAddresses
_934081
650 _aIdentity
_xAddresses
_934082
650 _aMind and Body
_xAddresses
_934083
942 _2lcc
_01
_cMONOGRAPH